[Event "Let's Play Chess!"]
[Site "http://www.queenalice.com/game.php?id=763274"]
[Date "2010.4.19"]
[Round "-"]
[White "jcmlima"]
[Black "dtrainey"]
[Result "0-1"]
[WhiteElo "1586"]
[BlackElo "1562"]

1. e4 c5 2. d4 e6 3. d5 exd5 4. exd5 h6 5. c4 Qe7+ 6. Be3 d6 7. Nc3 a6 8. a4 b6
9. Nf3 Nd7 10. a5 g5 11. axb6 Bg7 12. Qb3 Ngf6 13. b7 Bxb7 14. Qxb7 O-O 15. Rxa6
Rab8 16. Qc6 Rfc8 17. Qa4 Nb6 18. Qa5 Ng4 19. Be2 Rc7 20. Rxb6 Rxb6 21. Qxb6 Rb7
22. Qc6 Rxb2 23. Nd1 Rb1 24. Qc8+ Bf8 0-1

[Event "Let's Play Chess!"]
[Site "http://www.queenalice.com/game.php?id=765159"]
[Date "2010.4.24"]
[Round "-"]
[White "dtrainey"]
[Black "plonius"]
[Result "0-1"]
[WhiteElo "1579"]
[BlackElo "1963"]

1. d4 d6 2. e4 g6 3. d5 Bg7 4. Nc3 e6 5. f4 Nd7 6. Nf3 Ne7 7. Be3 exd5 8. Nxd5
Nxd5 9. exd5 O-O 10. Bd4 Re8+ 11. Be2 Qe7 12. Qd3 Nc5 13. Bxc5 dxc5 14. c3 Bf5
15. Qd2 c4 16. b4 Bxc3 0-1

[Event "Let's Play Chess!"]
[Site "http://www.queenalice.com/game.php?id=765161"]
[Date "2010.4.25"]
[Round "-"]
[White "BrooklynBenjamin"]
[Black "dtrainey"]
[Result "0-1"]
[WhiteElo "1554"]
[BlackElo "1577"]

1. c4 c5 2. Nc3 e5 3. g3 Nf6 4. Bg2 Nc6 5. e3 a6 6. Nf3 d5 7. cxd5 Nxd5 8. O-O
Bg4 9. Qb3 h6 10. Nxd5 Be6 11. e4 Na5 12. Qc3 Bxd5 13. exd5 Qxd5 0-1

[Event "Challenge"]
[Site "http://www.queenalice.com/game.php?id=765286"]
[Date "2010.4.23"]
[Round "-"]
[White "spawnwolfwolverine"]
[Black "dtrainey"]
[Result "1-0"]
[WhiteElo "1700"]
[BlackElo "1547"]

1. c4 e5 2. d3 d5 3. cxd5 Qxd5 4. e3 g6 5. Nc3 Qa5 6. Bd2 c6 7. g3 Bd6 8. Ne4
Qd5 9. Bg2 Qb5 10. Nxd6+ Kf8 11. Nxb5 cxb5 12. Bc3 Nc6 13. Bxc6 bxc6 14. Nf3 f6
15. O-O Ne7 16. Bb4 g5 17. Bxe7+ Kxe7 18. e4 Bg4 19. Kg2 1-0

[Event "Challenge"]
[Site "http://www.queenalice.com/game.php?id=765287"]
[Date "2010.4.23"]
[Round "-"]
[White "dtrainey"]
[Black "spawnwolfwolverine"]
[Result "0-1"]
[WhiteElo "1598"]
[BlackElo "1755"]

1. c4 e6 2. d4 d6 3. Nf3 b6 4. Nc3 Bb7 5. h3 Bxf3 6. exf3 g6 7. g3 Bg7 8. Bg2 c6
9. O-O Ne7 10. f4 O-O 11. Qa4 a6 12. d5 Bxc3 13. g4 Bg7 14. dxc6 Qc7 15. Be3
Nbxc6 0-1

[Event "Challenge"]
[Site "http://www.queenalice.com/game.php?id=765288"]
[Date "2010.4.23"]
[Round "-"]
[White "spawnwolfwolverine"]
[Black "dtrainey"]
[Result "1-0"]
[WhiteElo "1744"]
[BlackElo "1609"]

1. c4 e5 2. d3 f5 3. e3 c5 4. g3 h6 5. Bg2 Nc6 6. Bxc6 dxc6 7. Ne2 Nf6 8. O-O g5
9. Nbc3 a6 10. a3 Ng4 11. b4 b5 12. bxc5 Bxc5 13. a4 Qa5 14. Bd2 Qd8 15. axb5
Bb7 16. bxc6 1-0

[Event "Challenge"]
[Site "http://www.queenalice.com/game.php?id=765289"]
[Date "2010.4.23"]
[Round "-"]
[White "dtrainey"]
[Black "spawnwolfwolverine"]
[Result "0-1"]
[WhiteElo "1601"]
[BlackElo "1798"]

1. a3 e5 2. c4 d6 3. e4 b6 4. d4 exd4 5. Qxd4 Nc6 6. Qe3 Bb7 7. Nf3 Nf6 8. b4
Be7 9. h3 O-O 10. Bd3 a5 11. b5 Ne5 12. Nc3 Nxd3+ 13. Qxd3 c6 14. O-O cxb5 15.
cxb5 Rc8 16. Be3 d5 17. exd5 Nxd5 0-1

[Event "Challenge"]
[Site "http://www.queenalice.com/game.php?id=765290"]
[Date "2010.4.23"]
[Round "-"]
[White "spawnwolfwolverine"]
[Black "dtrainey"]
[Result "1-0"]
[WhiteElo "1689"]
[BlackElo "1558"]

1. d4 c5 2. dxc5 Qa5+ 3. c3 Qxc5 4. e3 d5 5. Nf3 Nc6 6. Be2 f6 7. O-O h6 8. a3
e5 9. Nbd2 Be6 10. Nb3 Qd6 11. Bb5 a6 12. Bxc6+ bxc6 13. e4 dxe4 14. Qxd6 Bxd6
15. Na5 Bd5 16. Nh4 Rb8 17. b4 Bf7 18. Nxc6 Rc8 19. Na5 Ne7 20. c4 Bxc4 21. Nxc4
Rc6 22. Nxd6+ 1-0

[Event "Challenge"]
[Site "http://www.queenalice.com/game.php?id=765291"]
[Date "2010.4.23"]
[Round "-"]
[White "dtrainey"]
[Black "spawnwolfwolverine"]
[Result "0-1"]
[WhiteElo "1610"]
[BlackElo "1789"]

1. d4 d5 2. Bf4 e6 3. a3 Nf6 4. e3 Be7 5. f3 O-O 6. g4 b6 7. Nd2 a5 8. Bb5 Bd7
9. Nh3 Bxb5 10. b3 c5 11. c4 dxc4 12. bxc4 Bc6 13. a4 cxd4 14. e4 h6 15. Nb3
Bb4+ 16. Kf2 d3 0-1

[Event "Challenge"]
[Site "http://www.queenalice.com/game.php?id=765292"]
[Date "2010.4.23"]
[Round "-"]
[White "spawnwolfwolverine"]
[Black "dtrainey"]
[Result "1-0"]
[WhiteElo "1661"]
[BlackElo "1461"]

1. c4 c5 2. d3 e5 3. e4 Nc6 4. g3 h6 5. Bg2 Nf6 6. Nf3 a6 7. O-O d6 8. Nc3 Bg4
9. Be3 g5 10. Nd5 Nb4 11. Nxf6+ Qxf6 12. a3 Nc6 13. Rb1 b5 14. b3 b4 15. axb4
Nxb4 16. h3 Be7 17. hxg4 Bd8 18. Kh2 a5 19. Re1 Na2 20. Bd2 Nb4 21. Bxb4 axb4
22. Ra1 Rxa1 23. Qxa1 h5 24. gxh5 g4 25. Nh4 Rxh5 26. Rf1 Qe6 27. f3 1-0

[Event "Challenge"]
[Site "http://www.queenalice.com/game.php?id=765293"]
[Date "2010.4.23"]
[Round "-"]
[White "dtrainey"]
[Black "spawnwolfwolverine"]
[Result "0-1"]
[WhiteElo "1385"]
[BlackElo "1649"]

1. d3 d5 2. Nf3 e6 3. Bf4 Nf6 4. h3 Be7 5. b3 O-O 6. Nc3 Nc6 7. d4 a6 8. a3 b6
9. e3 Ne4 10. Nxe4 dxe4 11. Ne5 Nxe5 12. Bxe5 c5 13. c4 cxd4 14. exd4 Bb7 15.
Qg4 g6 16. Be2 f5 17. Qg3 Bf6 18. f4 Bxe5 19. dxe5 b5 20. c5 Bd5 21. Bh5 Bxb3
22. O-O Qd4+ 23. Rf2 Qxa1+ 24. Rf1 Qxa3 25. Bd1 Qxc5+ 0-1

[Event "Challenge"]
[Site "http://www.queenalice.com/game.php?id=767178"]
[Date "2010.4.27"]
[Round "-"]
[White "dtrainey"]
[Black "Luke1416"]
[Result "0-1"]
[WhiteElo "1453"]
[BlackElo "1607"]

1. c4 e5 2. e4 c5 3. a3 Nf6 4. Nc3 b6 5. h3 Be7 6. g4 h6 7. Nf3 Bb7 8. d3 d6 9.
Nh4 O-O 10. Bg2 a6 11. b4 cxb4 12. f4 exf4 13. Nf5 Bc8 14. e5 dxe5 15. axb4 Bd7
16. Bxa8 Bxb4 17. Qb3 Bxc3+ 18. Qxc3 a5 19. Nd6 Nc6 20. Bxc6 Bxc6 21. Ba3 Bxh1
22. Nb7 Bxb7 0-1

[Event "AUTO-INT-1540"]
[Site "http://www.queenalice.com/game.php?id=775505"]
[Date "2010.5.14"]
[Round "2"]
[White "dtrainey"]
[Black "El_Pagano1313"]
[Result "0-1"]
[WhiteElo "1537"]
[BlackElo "1597"]

1. c4 e5 2. Nc3 Nf6 3. e4 c6 4. d4 exd4 5. Qxd4 d6 6. h3 c5 7. Qd3 Be6 8. Bg5
Be7 9. a3 a6 10. g4 d5 11. exd5 Bd7 12. d6 Bf8 0-1

[Event "AUTO-INT-1540"]
[Site "http://www.queenalice.com/game.php?id=775506"]
[Date "2010.5.14"]
[Round "2"]
[White "El_Pagano1313"]
[Black "dtrainey"]
[Result "1-0"]
[WhiteElo "1611"]
[BlackElo "1523"]

1. e4 e5 2. Nf3 Nc6 3. c3 a6 4. d4 d5 5. dxe5 dxe4 6. Qxd8+ Nxd8 7. Bc4 c6 8.
Ng5 f6 9. exf6 gxf6 10. Nxe4 Be6 11. Bxe6 Nxe6 12. O-O f5 13. Ng5 1-0

[Event "AUTO-INT-1540"]
[Site "http://www.queenalice.com/game.php?id=775507"]
[Date "2010.5.14"]
[Round "2"]
[White "dtrainey"]
[Black "jpcamilo"]
[Result "0-1"]
[WhiteElo "1398"]
[BlackElo "1629"]

1. c4 d5 2. c5 c6 3. d4 Qa5+ 4. Nc3 Nf6 5. b4 Qa6 6. e4 b5 7. Bb2 Bg4 8. f3 Be6
9. e5 Nh5 10. Bd3 Nf4 11. Qc2 g6 12. a4 Nxd3+ 13. Qxd3 Bf5 0-1

[Event "AUTO-INT-1540"]
[Site "http://www.queenalice.com/game.php?id=775508"]
[Date "2010.5.14"]
[Round "2"]
[White "jpcamilo"]
[Black "dtrainey"]
[Result "1-0"]
[WhiteElo "1636"]
[BlackElo "1391"]

1. d4 c5 2. dxc5 Qa5+ 3. c3 Nc6 4. Qd5 e5 5. Qc4 d5 6. Qxd5 Bxc5 7. b4 Be6 8.
Qd3 Bxb4 9. cxb4 Nxb4 10. Qd2 Nc2+ 11. Kd1 Rd8 12. Qxd8+ Qxd8+ 13. Kxc2 1-0

[Event "AUTO-INT-1540"]
[Site "http://www.queenalice.com/game.php?id=775509"]
[Date "2010.5.14"]
[Round "2"]
[White "dtrainey"]
[Black "LeandroSouza"]
[Result "0-1"]
[WhiteElo "1403"]
[BlackElo "1679"]

1. c4 d5 2. e3 e6 3. d4 Bb4+ 4. Bd2 Bxd2+ 5. Nxd2 dxc4 6. Nxc4 Nf6 7. Qf3 Qe7 8.
Ne2 Qb4+ 9. Nd2 Qxb2 10. Nb3 Nc6 11. Nec1 Nb4 12. Bb5+ c6 13. O-O cxb5 14. Nd3
Nxd3 15. e4 Qc3 16. e5 Nd5 17. Rfd1 N5b4 18. Nc5 O-O 19. g3 Qxd4 20. Nxd3 Nxd3
21. Qxd3 Qxd3 22. Rxd3 b6 23. Rad1 Bb7 24. Rd6 b4 25. R1d4 Rac8 0-1

[Event "AUTO-INT-1540"]
[Site "http://www.queenalice.com/game.php?id=775510"]
[Date "2010.5.14"]
[Round "2"]
[White "LeandroSouza"]
[Black "dtrainey"]
[Result "1-0"]
[WhiteElo "1674"]
[BlackElo "1408"]

1. e4 e5 2. Nf3 Qf6 3. Nc3 c6 4. g3 Bc5 5. Bg2 g5 6. O-O h5 7. h4 gxh4 8. Nxh4
Nh6 9. Qxh5 Nf5 10. Qxf5 Qe6 11. Qxe6+ dxe6 12. d3 Nd7 13. Na4 Be7 14. c4 Nc5
15. Nxc5 Bxc5 16. b4 Rh5 17. bxc5 a6 18. a4 Rh6 19. Bxh6 Ke7 20. Bg7 f6 21. Bh6
Bd7 22. Rab1 Rb8 23. Rb6 Kf7 24. Rfb1 Be8 25. Rxb7+ 1-0